| 000 | 01032nam a2200241 u 4500 | ||
|---|---|---|---|
| 001 | 000020298 | ||
| 005 | 20200929170343.0 | ||
| 008 | 100813s1993 xx 000 0 spa d | ||
| 020 | _z9506942808 | ||
| 040 |
_aDO-SdBNP _bspa _cBNPHU |
||
| 041 | 1 | 7 |
_aspa _heng |
| 082 |
_a353.03 _bN38p, |
||
| 100 | 1 |
_aNeustadt, Richard E., _d1919-2003 _942936 |
|
| 240 | 1 | 2 | _aPresidential power and the modern presidents : the politics of leadership from Roosevelt to Reagan. |
| 245 | 1 | 0 |
_aEl poder presidencial y los presidentes modernos : _bpolíticas de liderazgo de Roosevelt a Reagan / _cRichard E. Neustadt ; traducción María Elena Aramburú. |
| 260 |
_aBuenos Aires, Argentina : _bGrupo Editor Latinoamericano, _c1993. |
||
| 300 |
_a394 p. : _b23 cm. |
||
| 490 |
_aColección estudios políticos y sociales _c23 cm. |
||
| 650 | 4 |
_aPresidentes _zEstados Unidos _916100 |
|
| 650 | 4 |
_aPoder ejecutivo _zEstados Unidos _942937 |
|
| 651 | 4 |
_aEstados Unidos _xPolítica Y Gobierno _95436 |
|
| 651 | 4 |
_aEstados Unidos _xHistoria Constitucional _942938 |
|
| 999 |
_c19802 _d19802 |
||